Komerčná ruština v praxi

Uložené v:
Podrobná bibliografia
Hlavní autori: Šebestová, Valentína (Autor), Šebesta, Juraj (Autor)
Médium: Kniha
Jazyk:Russian
Vydavateľské údaje: Bratislava : Elita, 1999
Vydanie:1. vyd.
Tagy: Pridať tag
Žiadne tagy, Buďte prvý, kto otaguje tento záznam!

MARC

LEADER 00000nam a22000003a 4500
001 stu53853
005 20150617225703.8
008 000606s1999----xo------------------rus-d
020 |a 8080440522 
040 |a STU  |b slo 
041 0 |a rus 
044 |a xo 
080 |a 808.2(075) 
100 1 |a Šebestová, Valentína  |4 aut 
245 1 |a Komerčná ruština v praxi 
250 |a 1. vyd. 
260 |a Bratislava :  |b Elita,  |c 1999 
300 |a 336 s 
700 1 |a Šebesta, Juraj  |4 aut 
996 |b 284J002497  |c J*96932  |l JJSK  |s A  |a 24  |w stu53853_0001